| 000 | 01946cas a2200505 a 4500 | ||
|---|---|---|---|
| 999 |
_c531893 _d531893 |
||
| 001 | 14994782 | ||
| 003 | NUST | ||
| 005 | 20191030112931.0 | ||
| 008 | 070905c20059999iluar 0 0eng d | ||
| 010 | _a 2008205584 | ||
| 035 | _a(OCoLC)ocm85566459 | ||
| 037 | _bKaplan AEC Education, 30 South Wacker Drive, Suite 2500, Chicago, IL 60660-7481 | ||
| 038 | _aMSOHAIL | ||
| 040 |
_aAAA _beng _cDLC _dAAA _dOCLCQ _dOCLCF |
||
| 042 | _alccopycat | ||
| 043 | _an-us--- | ||
| 050 | 0 | 0 |
_aNA123 _b.B85 |
| 082 | _a0 | ||
| 100 |
_aIver H. Seeley _925038 |
||
| 245 | 0 | 0 | _aBuilding technology. |
| 250 | _a5th | ||
| 260 |
_aEngland : _bPalgrame _c1995 |
||
| 300 |
_ap;336 : _billustrations ; _c28 cm |
||
| 310 | _aAnnual | ||
| 336 |
_atext _btxt _2rdacontent |
||
| 337 |
_aunmediated _bn _2rdamedia |
||
| 338 |
_avolume _bnc _2rdacarrier |
||
| 362 | 1 | _aBegan in 1999. | |
| 588 | _aDescription based on: 2006. | ||
| 588 | _aLatest issue consulted: 2007. | ||
| 650 | 0 |
_aArchitecture _zUnited States _xExaminations _vStudy guides _vPeriodicals. _925039 |
|
| 650 | 0 |
_aArchitects _xCertification _zUnited States _vExaminations, questions, etc. _vPeriodicals. _925040 |
|
| 650 | 0 |
_aArchitecture Registration Examination _vStudy guides _vPeriodicals. _925041 |
|
| 650 | 7 |
_aArchitects _xCertification. _2fast _0(OCoLC)fst00813120 _925042 |
|
| 650 | 7 |
_aArchitecture _xExaminations. _2fast _0(OCoLC)fst00813433 _925043 |
|
| 651 | 7 |
_aUnited States. _2fast _0(OCoLC)fst01204155 _97952 |
|
| 655 | 7 |
_aExaminations. _2fast _0(OCoLC)fst01423780 _924863 |
|
| 655 | 7 |
_aPeriodicals. _2fast _0(OCoLC)fst01411641 _925044 |
|
| 655 | 7 |
_aStudy guides. _2fast _0(OCoLC)fst01423888 _924862 |
|
| 710 | 2 |
_aKaplan AEC Architecture. _925045 |
|
| 906 |
_a7 _bcbc _cserials _d2 _encip _f20 _gn-oclcserc |
||
| 942 |
_2ddc _cBK |
||